000 00437nam a2200181Ia 4500
001 5248
005 20260306145854.0
008 260306t2009||||xx |||||||||||||| ||spa||
041 _aESP
082 _a338.4791
_bM26
100 _aMartín Rojo, Inmaculada
_eAUT
245 0 _aDirección y gestión de empresas del sector turístico
260 _c2009
300 _a
_c
650 _aGEN
654 _aCAN
942 _cLIB
_dJUS
_fJUS
_2ddc
_n
999 _c5248
_d5248